| 000 | 00474cam a2200169 4500 | ||
|---|---|---|---|
| 001 | D3552 | ||
| 008 | 090401t1983 xxu||||| |||| 00| 0 eng d | ||
| 035 | _a(Sirsi) u73745 | ||
| 041 | _aeng | ||
| 050 | _a333.33 | ||
| 245 | _aEstates Times review April 1983. Special feature: Investment and development. Historic towns: Chester | ||
| 260 |
_aLondon _bMorgan-Grampian (Construction Press) _c1983 |
||
| 300 | _a34p. 30cm | ||
| 350 | _a2 | ||
| 942 | _n0 | ||
| 948 | _c04/03/1997 | ||
| 999 |
_c95692 _d95692 |
||